UK Fast Food - Statistics

General Stats
  • This quiz has been taken 1,654 times
  • The average score is 13 of 21
Answer Stats
Hint Answer % Correct
Burger Mcdonald's
97%
Burger Burger king
95%
Pizza Pizza hut
93%
Chicken KFC
92%
Coffee Starbucks
91%
Pizza Domino's
90%
Sandwich Subway
90%
Bakery Gregg's
75%
Pizza Papa john's
71%
Mexican Taco bell
64%
Coffee Costa coffee
57%
Chicken Nando's
57%
Pizza Pizza express
53%
Japanese Wagamama
51%
Sushi Yo! Sushi
51%
Burger Five Guys
43%
Cookie Millie's
36%
Sandwich Pret a manger
30%
Fish and chips Harry Ramsden's
19%
Pizza Zizzi
14%
Burger Gourmet burger kitchen
7%
No matching quizzes found
Score Distribution
Percent of People with Each Score
Percentile by Number Answered
Your Score History
You have not taken this quiz